000 00262nam a2200097Ia 4500
005 20251222114356.0
008 251222s1900||||xx |||||||||||||| ||spa||
082 _aDVD0192/A81/2009/T.1
245 0 _aII Seminario: organización y gestión universitaria:
942 _cDVD
999 _c1433
_d1433